00495nam a2200169 a 450008200170000010000200001724500320003726000330006930000080010250000350011050500100014565000160015570000200017194200070019195201100019899900170030800a340.59bSCH2 aSchacht, Joseph aIntroduction to Islamic Law aDelhibDeni Book Depotc0000 a00p aincludes index and biblioraphy2 aIndex aIslamic-Law1 aSchacht, Joseph cBK 00104070aHMIbHMId2010-08-16g100.00l1o340.59 SCH2p019774r2018-09-19s2018-09-12w2026-01-16yEB c12909d12909